000 00817nas a2200253 4500
001 BR7503516
003 BR-BrBNA
005 20231205082836.0
007 ta
008 230509b bl.|||p| |||| 00| 00por d
040 _aBR-BrBNA
_bpor
_cBiblioteca Nacional de Agricultura
041 _a(Pt)
072 _aM10; L10
100 1 _aMesquita, A.L.L. de
100 1 _aGesteira, T.C.V.
245 1 _aEpoca de reproducao, tamanho e idade na primeira desova da lagosta Panulirus laevicauda (Latreille), na costa do Estado do Ceara (Brasil)
650 _aLAGOSTA
650 _aREPRODUCAO ANIMAL
650 _aDESOVA
650 _aCEARA
773 0 _tArquivos de Ciencias do Mar (Brazil)
_xISSN 0374-5686
_g(Dec 1975), v. 15(2) p. 93-96
_wBR7503516
909 _a202311
_bLúcia
_c55
_dLúcia Elande
942 _2AGRIS
_n0
_cANA
999 _c94576
_d94576